| 000 | 01735cas a22005411 4500 | ||
|---|---|---|---|
| 999 |
_c532938 _d532938 |
||
| 001 | 11157538 | ||
| 003 | NUST | ||
| 005 | 20191208171205.0 | ||
| 008 | 800531c19649999pk qr p f0 a0eng | ||
| 010 | _asa 65002378 | ||
| 016 | 7 |
_a9875031 _2DNLM |
|
| 016 | 7 |
_aN33860000 _zQ01743000 _2DNLM |
|
| 016 | 7 |
_a007176752 _2Uk |
|
| 022 |
_a0029-5698 _l0029-5698 |
||
| 025 | _aPL480:P-D-E-116 | ||
| 030 | _aNCLEAM | ||
| 035 | _a(OCoLC)ocm06375430 | ||
| 038 | _aATTAULLAH | ||
| 040 |
_aDLC _beng _cDLC _dSER _dAIP _dDLC _dAIP _dHUL _dAGL _dOCLCQ _dNLM _dOCLCQ _dUKMGB _dOCLCO _dOCLCF _dOCLCO _dOCLCQ _dCUS |
||
| 041 | 0 |
_aeng _bfre _bger |
|
| 042 | _apcc | ||
| 050 | 0 | 0 |
_aTK9001.P3 _bA25 |
| 070 | 0 | _aQ1.N8 | |
| 072 | 0 | _aX400 | |
| 082 | _aVol-55, No-2 2018 | ||
| 210 | 0 |
_aNucleus _b(Karachi) |
|
| 222 | 0 |
_aNucleus _b(Karachi) |
|
| 245 | 0 | 4 | _aThe Nucleus. |
| 260 | _a[Lahore] | ||
| 300 |
_avolumes _billustrations, portraits _c28 cm |
||
| 336 |
_atext _btxt _2rdacontent |
||
| 337 |
_aunmediated _bn _2rdamedia |
||
| 338 |
_avolume _bnc _2rdacarrier |
||
| 362 | 0 | _av. 1- Jan./Mar. 1964- | |
| 510 | 2 |
_aChemical abstracts _x0009-2258 |
|
| 530 | _aAlso issued online. | ||
| 546 | _aSummaries in English, French and German. | ||
| 550 | _aJournal of the Pakistan Atomic Energy Commission. | ||
| 590 | _aSERBIB/SERLOC merged record | ||
| 650 | 0 |
_aNuclear energy _vPeriodicals. _926569 |
|
| 650 | 7 |
_aNuclear energy. _2fast _0(OCoLC)fst01039951 _926570 |
|
| 655 | 7 |
_aPeriodicals. _2fast _0(OCoLC)fst01411641 _926571 |
|
| 710 | 2 |
_aPakistan Atomic Energy Commission. _926572 |
|
| 776 | 0 | 8 |
_iOnline version: _tNucleus _w(OCoLC)563183494 |
| 906 |
_a7 _bcbc _cserials _d3 _encip _f19 _gn-oclcserc |
||
| 942 |
_2ddc _cCR |
||